000
00302nam a2200121Ia 4500
008
190216s9999||||xx |||||||||||||| ||und||
100
_a
Narayanan S And Manicavachagom Pillay T K
245
0
_a
Calculus Vol 3
260
_b
Viswanathan S.
_c
1999
300
_a
354p
650
_a
Mathematics
942
_c
BK
999
_c
31581
_d
31581